| 000 | 02040nam0a2200385 4500 | ||
|---|---|---|---|
| 001 | RU\NLR\BIBL_A\010806192 | ||
| 005 | 20260408120805.0 | ||
| 010 |
_a978-5-906578-04-4 _950 |
||
| 021 |
_aRU _b2015-45319 _92696 |
||
| 035 | _a(NILC)RuMoRGB-007958464 | ||
| 035 | _a(NLR Aleph) 010806192 | ||
| 090 |
_a10182769 _c10182769 |
||
| 100 | _a20150717d2015 |||y0rusy50 ca | ||
| 101 | 0 | _arus | |
| 102 | _aRU | ||
| 105 | _ay|||z|||000yy | ||
| 200 | 1 |
_aВзгляд в прошлое… _eпроблемы, методы, перспективы _a[сборник] _fИн-т всеобщ. истории РАН, Центр гендерной истории, Будапештский ун-т им. Лоранда Эгвёша, Центр русистики _gотв. ред.: Майя Петрова и Дюла Свак |
|
| 210 |
_aМосква _cАквилон _d2015 |
||
| 215 |
_a193, [2] с. _d22 |
||
| 320 | _aБиблиогр. в подстроч. примеч. | ||
| 606 | 1 |
_aИсториография _jСборники _yРоссийская Федерация _92129008 _3RU\NLR\AUTH\661284679 |
|
| 607 |
_aРоссия _jСборники _xИстория _xИсточниковедение _92096014 _3RU\NLR\AUTH\661268181 |
||
| 686 | 1 | _aТ1(2)74-2я43 | |
| 686 | 1 | _aТ3(2)0,01я43 | |
| 702 | 1 |
_4340 _8rus _7ca _aПетрова _bМ. С. _cканд. ист. наук _gМайя Станиславовна _3RU\NLR\AUTH\7719413 _92485 |
|
| 702 | 1 |
_4340 _8rus _7ca _aСвак _bД. _f1953- _gДюла _3RU\NLR\AUTH\77102612 _985538 |
|
| 712 | 0 | 2 |
_4570 _aИнститут всеобщей истории _cМосква _bЦентр гендерной истории _3RU\NLR\AUTH\880390459 _9446521 |
| 712 | 0 | 2 |
_4570 _aБудапештский университет им. Л. Этвеша _bЦентр русистики _3RU\NLR\AUTH\8810156816 _9809041 |
| 801 | 0 |
_aRU _bРГБ _c20150622 _gRCR |
|
| 801 | 2 |
_aRU _bРГБ _c20150625 _grcr |
|
| 942 | _cBOOK | ||
| 980 | _aNBR | ||
| 980 | _aNB | ||